[Event "ROM GP KO final"]
[Site "Alba Iulia"]
[Date "2023.12.05"]
[Round "1.2"]
[White "Gavrilescu, David"]
[Black "Ardelean, George Catalin"]
[Result "0-1"]
[WhiteElo "2523"]
[BlackElo "2433"]
[PlyCount "66"]
[EventDate "2023.12.05"]
[EventType "k.o."]
[EventRounds "3"]
[EventCountry "ROU"]
[SourceTitle "CB50_2023"]
[SourceDate "2023.12.13"]
[SourceVersion "1"]
[SourceVersionDate "2023.12.13"]
[SourceQuality "1"]

1. e4 c5 2. Nf3 Nf6 3. e5 Nd5 4. Nc3 e6 5. Ne4 f5 6. Nc3 Nb4 7. Bc4 a6 8. a3 N4c6 9. d3 b5 10. Ba2 Nd4 11. Nxd4 cxd4 12. Ne2 Nc6 13. Bf4 Bb7 14. c3 Bc5 15. h4 0-0 16. h5 Qb6 17. Kf1 a5 18. Rc1 dxc3 19. bxc3 Bxa3 20. Rb1 Ba6 21. Kg1 Be7 22. Rh3 b4 23. d4 a4 24. d5 b3 25. dxc6 Qxc6 26. Nd4 Qe4 27. Bxb3 axb3 28. Bd2 Bc4 29. Nxb3 Rfb8 30. Re3 Qg4 31. f3 Qxh5 32. Re1 Bh4 33. f4 Qxd1 0-1

[Event "ROM GP KO final"]
[Site "Alba Iulia"]
[Date "2023.12.05"]
[Round "2.1"]
[White "Kantor, Gergely"]
[Black "Ardelean, George Catalin"]
[Result "1-0"]
[WhiteElo "2531"]
[BlackElo "2433"]
[PlyCount "113"]
[EventDate "2023.12.05"]
[EventType "k.o."]
[EventRounds "3"]
[EventCountry "ROU"]
[SourceTitle "CB50_2023"]
[SourceDate "2023.12.13"]
[SourceVersion "1"]
[SourceVersionDate "2023.12.13"]
[SourceQuality "1"]

1. d4 d5 2. c4 e6 3. Nc3 a6 4. cxd5 exd5 5. Nf3 c6 6. Qc2 Bd6 7. e4 dxe4 8. Nxe4 Bb4+ 9. Nc3 Nf6 10. Bd3 0-0 11. 0-0 h6 12. a3 Bd6 13. Re1 Nbd7 14. h3 Nb6 15. Ne5 Nbd5 16. Qe2 Be6 17. Ne4 Re8 18. Nxd6 Qxd6 19. Qf3 Rad8 20. Qg3 Kf8 21. Bd2 Bc8 22. Rac1 Re7 23. Ba5 Kg8 24. Bxd8 Qxd8 25. Nc4 Be6 26. Re5 Nd7 27. Re2 N7f6 28. Qh4 Qc7 29. Ne5 Qb6 30. Rce1 Qc7 31. f4 Qc8 32. Nc4 b5 33. Ne5 c5 34. dxc5 Qxc5+ 35. Qf2 Qd6 36. f5 Bc8 37. Ng4 Rxe2 38. Rxe2 Bb7 39. Ne5 Ne7 40. b4 Qd5 41. Qc5 Qd8 42. Bc2 Ned5 43. Rd2 Qe8 44. Qd6 Qc8 45. Qc5 Qe8 46. Qd4 Qc8 47. Nd3 Qxf5 48. Nc5 Qc8 49. Nxb7 Qxb7 50. Be4 Qb6 51. Bxd5 Nxd5 52. Qxb6 Nxb6 53. Rd8+ Kh7 54. Rd6 Nc4 55. Rxa6 f5 56. a4 bxa4 57. Rxa4 1-0

[Event "Sebes GP op"]
[Site "Sebes"]
[Date "2023.11.05"]
[Round "7"]
[White "Cruz de la Osa, Reider"]
[Black "Ardelean, George Catalin"]
[Result "0-1"]
[WhiteElo "2233"]
[BlackElo "2433"]
[PlyCount "96"]
[EventDate "2023.11.04"]
[EventType "swiss"]
[EventRounds "10"]
[EventCountry "ROU"]
[SourceTitle "CB46_2023"]
[SourceDate "2023.11.15"]
[SourceVersion "1"]
[SourceVersionDate "2023.11.15"]
[SourceQuality "1"]

1. e4 c5 2. Be2 Nc6 3. f4 g6 4. Nf3 Bg7 5. d3 d6 6. 0-0 Nf6 7. Qe1 Bg4 8. Nbd2 Nd4 9. Nxd4 cxd4 10. e5 Bxe2 11. exf6 Bxf1 12. fxg7 Rg8 13. Qxf1 Rc8 14. Nf3 Rxc2 15. Qd1 Rc6 16. Nxd4 Qb6 17. Be3 e5 18. Qe2 Rc8 19. Nf3 Qb5 20. fxe5 dxe5 21. Bg5 f6 22. Bh6 Rd8 23. Rd1 Qd5 24. Kh1 Rd7 25. Qc2 Kf7 26. Rf1 Ke7 27. d4 exd4 28. Qd3 b6 29. a4 Kd8 30. Rd1 Kc8 31. Qa6+ Kb8 32. Bf4+ Ka8 33. Rc1 Qb7 34. Qc4 Rgxg7 35. Nxd4 a6 36. Qc8+ Qxc8 37. Rxc8+ Ka7 38. Rc4 Rge7 39. h3 Re1+ 40. Kh2 Kb7 41. Nf3 Re2 42. Rb4 g5 43. Bc1 Rd1 44. Rc4 h5 45. Kg3 h4+ 46. Kh2 Rf2 47. b4 Rff1 48. g3 Rf2# 0-1

[Event "Titled Tuesday intern op 01st Aug Early"]
[Site "Chess.com INT"]
[Date "2023.08.01"]
[Round "2"]
[White "Ardelean, George Catalin"]
[Black "Swicarz, Maciej"]
[Result "1-0"]
[WhiteElo "2447"]
[BlackElo "2261"]
[PlyCount "75"]
[EventDate "2023.08.01"]
[EventType "swiss (blitz)"]
[EventRounds "11"]
[EventCountry "USA"]
[SourceTitle "EXT 2024"]
[Source "ChessBase"]
[SourceDate "2023.10.10"]
[SourceVersion "1"]
[SourceVersionDate "2023.10.10"]
[SourceQuality "1"]

1. d4 Nf6 2. Bf4 d5 3. e3 c5 4. Nc3 a6 5. dxc5 Nc6 6. a3 e5 7. Bg5 Be6 8. b4 Be7 9. Nf3 0-0 10. Be2 Qd7 11. Na4 Rad8 12. Nb6 Qc7 13. 0-0 Rfe8 14. Qc1 Ne4 15. Bxe7 Rxe7 16. c4 d4 17. exd4 Nxd4 18. Nxd4 exd4 19. Bd3 Nf6 20. Qg5 h6 21. Qg3 Qc6 22. Rfe1 Rde8 23. Re5 Nd7 24. Nxd7 Bxd7 25. Rae1 Rxe5 26. Rxe5 Re6 27. h3 f6 28. Rd5 Be8 29. Rxd4 Bf7 30. Rd6 Qe8 31. Kh2 g5 32. Rxe6 Bxe6 33. Qd6 Qf7 34. c6 bxc6 35. Qxc6 Kg7 36. c5 h5 37. Bxa6 h4 38. Qb7 1-0

[Event "Titled Tuesday intern op 01st Aug Early"]
[Site "Chess.com INT"]
[Date "2023.08.01"]
[Round "10"]
[White "Ardelean, George Catalin"]
[Black "Womacka, Mathias"]
[Result "0-1"]
[WhiteElo "2447"]
[BlackElo "2371"]
[PlyCount "68"]
[EventDate "2023.08.01"]
[EventType "swiss (blitz)"]
[EventRounds "11"]
[EventCountry "USA"]
[SourceTitle "EXT 2024"]
[Source "ChessBase"]
[SourceDate "2023.10.10"]
[SourceVersion "1"]
[SourceVersionDate "2023.10.10"]
[SourceQuality "1"]

1. d4 Nf6 2. Bf4 e6 3. e3 c5 4. Nc3 cxd4 5. exd4 d5 6. Nb5 Na6 7. c3 Be7 8. Bd3 0-0 9. h4 Ne4 10. h5 Bg5 11. Nh3 Bxf4 12. Nxf4 Qg5 13. Qf3 Bd7 14. h6 g6 15. Rh3 Bxb5 16. Bxb5 Nc7 17. Bd3 e5 18. Nxd5 Qd2+ 19. Kf1 Qxb2 20. Ne7+ Kh8 21. Rd1 f5 22. Bxe4 fxe4 23. Qg3 Rf4 24. Kg1 Raf8 25. Rf1 exd4 26. Qg5 Qb5 27. Nxg6+ hxg6 28. Qxg6 Qd7 29. Rg3 Ne6 30. cxd4 Qf7 31. d5 Qxg6 32. Rxg6 Nd4 33. d6 Ne2+ 34. Kh2 Rh4# 0-1

[Event "Titled Tuesday intern op 01st Aug Late"]
[Site "Chess.com INT"]
[Date "2023.08.01"]
[Round "3"]
[White "Miszler, Levente"]
[Black "Ardelean, George Catalin"]
[Result "0-1"]
[WhiteElo "2315"]
[BlackElo "2447"]
[PlyCount "66"]
[EventDate "2023.08.01"]
[EventType "swiss (blitz)"]
[EventRounds "11"]
[EventCountry "USA"]
[SourceTitle "EXT 2024"]
[Source "ChessBase"]
[SourceDate "2023.10.10"]
[SourceVersion "1"]
[SourceVersionDate "2023.10.10"]
[SourceQuality "1"]

1. Nf3 c5 2. c4 Nc6 3. g3 e5 4. Nc3 g6 5. Bg2 Bg7 6. 0-0 Nge7 7. Ne1 d6 8. Nc2 Be6 9. Ne3 0-0 10. Ned5 Qd7 11. d3 Bh3 12. Bxh3 Qxh3 13. Ne4 Nxd5 14. cxd5 Ne7 15. Nxd6 Qd7 16. Ne4 Qxd5 17. Be3 b6 18. Qa4 Nc6 19. Rac1 f5 20. Nxc5 f4 21. Ne4 Rac8 22. Bd2 Nd4 23. Kg2 Nxe2 24. Rxc8 Rxc8 25. Rd1 Nd4 26. gxf4 Qe6 27. h3 Rc2 28. Qxa7 h6 29. Be3 Nf5 30. Qxb6 Nh4+ 31. Kg3 Qe7 32. Qd6 Nf5+ 33. Kg2 Nxd6 0-1

[Event "Titled Tuesday intern op 03rd Jan Early"]
[Site "Chess.com INT"]
[Date "2023.01.03"]
[Round "8"]
[White "Bortnyk, Olexandr"]
[Black "Ardelean, George Catalin"]
[Result "1-0"]
[WhiteElo "2604"]
[BlackElo "2470"]
[PlyCount "85"]
[EventDate "2023.01.03"]
[EventType "swiss (blitz)"]
[EventRounds "11"]
[EventCountry "USA"]
[SourceTitle "EXT 2024"]
[Source "ChessBase"]
[SourceDate "2023.10.10"]
[SourceVersion "1"]
[SourceVersionDate "2023.10.10"]
[SourceQuality "1"]

1. e4 c5 2. c3 Nf6 3. e5 Nd5 4. d4 cxd4 5. Nf3 d6 6. cxd4 Nc6 7. Bc4 Nb6 8. Bb5 Bd7 9. Nc3 dxe5 10. dxe5 a6 11. Bd3 Bg4 12. Bf4 e6 13. h3 Bh5 14. 0-0 Be7 15. Be4 0-0 16. b3 Qc7 17. g4 Rfd8 18. Qe2 Bg6 19. Rfd1 Bxe4 20. Nxe4 Nd5 21. Bg3 Rac8 22. Rac1 Qa5 23. a4 Ncb4 24. Kg2 Rc6 25. Nd4 Rxc1 26. Rxc1 h6 27. Nd6 Qb6 28. Rc4 Nc6 29. Nxc6 bxc6 30. Qc2 Nb4 31. Qc3 a5 32. Qf3 Bxd6 33. exd6 f6 34. h4 e5 35. g5 hxg5 36. hxg5 Rxd6 37. g6 Nd5 38. Qh5 Ne7 39. Rh4 Kf8 40. Qg4 f5 41. Rh8+ Ng8 42. Qxf5+ Rf6 43. Qc8+ 1-0

[Event "Titled Tuesday intern op 03rd Jan Early"]
[Site "Chess.com INT"]
[Date "2023.01.03"]
[Round "10"]
[White "Vlassov, Nikolai"]
[Black "Ardelean, George Catalin"]
[Result "0-1"]
[WhiteElo "2283"]
[BlackElo "2470"]
[PlyCount "76"]
[EventDate "2023.01.03"]
[EventType "swiss (blitz)"]
[EventRounds "11"]
[EventCountry "USA"]
[SourceTitle "EXT 2024"]
[Source "ChessBase"]
[SourceDate "2023.10.10"]
[SourceVersion "1"]
[SourceVersionDate "2023.10.10"]
[SourceQuality "1"]

1. e4 d5 2. exd5 Qxd5 3. Nc3 Qd6 4. d4 c6 5. Nf3 Bg4 6. h3 Bh5 7. g3 Nf6 8. Bg2 e6 9. 0-0 Be7 10. Bf4 Qd8 11. Ne2 0-0 12. c3 Nbd7 13. a4 a5 14. Re1 Bg6 15. Qb3 Qb6 16. Qxb6 Nxb6 17. Ne5 Nfd5 18. Nxg6 hxg6 19. Bc1 Rfd8 20. b3 Rd7 21. Bb2 Rc8 22. Rad1 Kf8 23. Nc1 c5 24. dxc5 Bxc5 25. c4 Nb4 26. Rxd7 Nxd7 27. Bxb7 Rb8 28. Be4 Nf6 29. Bb1 Rd8 30. Bc3 Bd4 31. Bxb4+ axb4 32. Na2 Bc5 33. Nc1 Rd2 34. Nd3 Bd4 35. Kg2 Nd7 36. Kf3 f5 37. Rxe6 Nc5 38. Nxc5 Rxf2# 0-1

[Event "Sebes Romanian Rapid op"]
[Site "Sebes"]
[Date "2022.12.02"]
[Round "7"]
[White "Ardelean, George Catalin"]
[Black "Cosma, Elena Luminita"]
[Result "1-0"]
[WhiteElo "2470"]
[BlackElo "2244"]
[PlyCount "115"]
[EventDate "2022.12.02"]
[EventType "swiss (rapid)"]
[EventRounds "8"]
[EventCountry "ROU"]
[SourceTitle "CBM 211 Extra"]
[Source "ChessBase"]
[SourceDate "2023.01.31"]
[SourceVersion "1"]
[SourceVersionDate "2023.01.31"]
[SourceQuality "1"]

1. d4 d5 2. Bf4 c6 3. e3 Qb6 4. Qc1 Bf5 5. Nf3 e6 6. Be2 h6 7. 0-0 Nf6 8. c4 Be7 9. Nc3 a5 10. Ne5 Qd8 11. Qd1 Nbd7 12. Qb3 Ra7 13. Nxd7 Nxd7 14. f3 Bg5 15. Bxg5 Qxg5 16. f4 Qe7 17. Rfe1 0-0 18. Bf3 Nf6 19. e4 dxe4 20. Bxe4 Qd6 21. Qb6 Ra6 22. Qc5 Qxf4 23. Bxf5 exf5 24. Qe5 Qg5 25. Qc7 Raa8 26. Rad1 Rae8 27. Rxe8 Rxe8 28. h3 f4 29. Rf1 f3 30. Rxf3 Qc1+ 31. Kh2 Qxb2 32. d5 Qd2 33. dxc6 bxc6 34. Qxc6 Re3 35. Qc8+ Kh7 36. Qf5+ Kg8 37. Qc8+ Kh7 38. Qf5+ Kg8 39. Rxe3 Qxe3 40. Nd5 Nxd5 41. Qc8+ Kh7 42. Qf5+ Kg8 43. Qc8+ Kh7 44. Qf5+ Kg8 45. cxd5 g6 46. Qc8+ Kg7 47. Qc7 Qd2 48. Qe5+ Kg8 49. d6 a4 50. a3 Kh7 51. h4 h5 52. Qf6 Qd5 53. Kg3 Kg8 54. Qe7 Qd3+ 55. Kh2 Qxa3 56. Qe8+ Kg7 57. Qe5+ Kh7 58. d7 1-0

[Event "Sebes Romanian Rapid op"]
[Site "Sebes"]
[Date "2022.12.02"]
[Round "1"]
[White "Ardelean, George Catalin"]
[Black "Cristea, Virgil"]
[Result "1-0"]
[WhiteElo "2470"]
[BlackElo "1493"]
[PlyCount "49"]
[EventDate "2022.12.02"]
[EventType "swiss (rapid)"]
[EventRounds "8"]
[EventCountry "ROU"]
[SourceTitle "CBM 211 Extra"]
[Source "ChessBase"]
[SourceDate "2023.01.31"]
[SourceVersion "1"]
[SourceVersionDate "2023.01.31"]
[SourceQuality "1"]

1. e4 e5 2. Nf3 Nf6 3. Nxe5 d6 4. Nf3 Nxe4 5. Qe2 Qe7 6. d3 Nf6 7. Bg5 Qxe2+ 8. Bxe2 Be7 9. Nc3 c6 10. 0-0-0 0-0 11. Rde1 h6 12. Bd2 Bg4 13. h3 Bxf3 14. Bxf3 Re8 15. g4 Kf8 16. h4 Nbd7 17. g5 hxg5 18. hxg5 Ng8 19. Bg4 Ne5 20. Bd1 g6 21. f4 Nd7 22. Bg4 Nb6 23. Rh7 d5 24. f5 gxf5 25. Bh5 1-0

[Event "Sebes Romanian Rapid op"]
[Site "Sebes"]
[Date "2022.12.02"]
[Round "5"]
[White "Ardelean, George Catalin"]
[Black "Dragomirescu, Robin Alexandru"]
[Result "0-1"]
[WhiteElo "2470"]
[BlackElo "2337"]
[PlyCount "128"]
[EventDate "2022.12.02"]
[EventType "swiss (rapid)"]
[EventRounds "8"]
[EventCountry "ROU"]
[SourceTitle "CBM 211 Extra"]
[Source "ChessBase"]
[SourceDate "2023.01.31"]
[SourceVersion "1"]
[SourceVersionDate "2023.01.31"]
[SourceQuality "1"]

1. e4 Nc6 2. d4 e5 3. Nf3 exd4 4. Bc4 Nf6 5. e5 d5 6. Bb5 Ne4 7. Nxd4 Bd7 8. Bxc6 bxc6 9. 0-0 Bc5 10. f3 Ng5 11. Be3 0-0 12. f4 Ne4 13. Nd2 f6 14. Nxe4 dxe4 15. Qe2 Qe7 16. Nb3 Bxe3+ 17. Qxe3 fxe5 18. Qxe4 Bf5 19. Qc4+ Be6 20. Qxc6 Bxb3 21. axb3 exf4 22. Rae1 Qf7 23. Qc5 Rad8 24. Re7 Qg6 25. Qc4+ Kh8 26. Re6 Qg5 27. Re2 f3 28. Ref2 Qe3 29. Qc3 Qb6 30. gxf3 Rd6 31. Kh1 Rdf6 32. Rg2 h6 33. Rg3 R8f7 34. Kg2 Rc6 35. Qd2 Qc5 36. Rf2 Qf5 37. c3 Rd6 38. Qe3 Rd3 39. Qxa7 Rd1 40. Re2 Kh7 41. Qe3 Qb5 42. Qe4+ Rf5 43. c4 Qc5 44. Rf2 Rd4 45. Qe8 Rd6 46. Qe4 Rd4 47. Qc2 Qe5 48. Re2 Qf6 49. Rg4 c5 50. Rg3 h5 51. Rf2 Kh6 52. Qc1+ Rff4 53. Qe3 g6 54. Re2 Qf5 55. Qe8 Qf6 56. Re6 Rd2+ 57. Kf1 Rxf3+ 58. Ke1 Rf1+ 59. Kxd2 Qxb2+ 60. Kd3 Qb1+ 61. Ke2 Qd1+ 62. Ke3 Qd4+ 63. Ke2 Rf2+ 64. Ke1 Qd2# 0-1